000 00499nam a2200169 i 4500
001 35544
003 ES-MaACL
005 20230906155142.0
007 t|
008 030213s1972 sp ||||1| spa d
100 1 _aBower, Marvin.
_931135
245 1 3 _aLa voluntad directiva /
_cMarvin Bower ; [traducción de Enrique Muñoz Latorre].
260 _aBarcelona :
_bLabor,
_c[1972]
300 _a207 p. ;
_c23 cm.
700 1 _aLatorre Muñoz, Enrique.
_970541
852 _aES-MaACL
_jC-49721
_bR.84635
999 _c35544
_d35544